El general en su laberinto
Saved in:
| Hovedforfatter: | |
|---|---|
| Format: | Bog |
| Sprog: | spansk |
| Udgivet: |
Buenos Aires
DeBolsillo
2003
|
| Serier: | Contemporánea
|
| Fag: | |
| Tags: |
Tilføj Tag
Ingen Tags, Vær først til at tagge denne postø!
|
MARC
| LEADER | 00000nam a2200000 a 4500 | ||
|---|---|---|---|
| 001 | UCL6980 | ||
| 003 | CL-VaPUC | ||
| 008 | 040423e20030000AG |||||||||||||||||spa|d | ||
| 020 | |a 9871138105 | ||
| 082 | 0 | 4 | |a Co863 |b GAR |2 21 |
| 100 | 0 | |a García Márquez, Gabriel |e author |9 318478 | |
| 245 | 1 | 3 | |a El general en su laberinto |
| 300 | |a 287 p | ||
| 942 | |c BK | ||
| 945 | |d 20040423 00:00:00 |a cmena | ||
| 260 | |a Buenos Aires |b DeBolsillo |c 2003 | ||
| 650 | 0 | |a Novelas colombianas |9 266734 | |
| 650 | 0 | |a Literatura colombiana |9 315578 | |
| 583 | |a last modification |c 20040423 00:00:00 |k Rodrigo Vera | ||
| 490 | 0 | |a Contemporánea | |
| 999 | |c 308853 |d 308851 | ||
| 952 | |0 0 |1 0 |4 0 |6 CO_863_000000000000000_GAR_2003 |7 0 |8 A |9 375754 |a BIBEDU |b BIBEDU |d 2019-11-21 |i 4010582 |l 1 |m 1 |o Co863 GAR 2003 |p 4010582 |r 2024-12-12 |s 2024-11-28 |w 2019-11-21 |y BK |k BME | ||